El actor performer /

El Actor Performer promueve una tarea fundamental : la recuperación material de un teatro chileno de exilio. Este texto incorpora rotundamente a nuestra memoria histórica, parte de una creación casi desconocida, olvidada en nuestra sociedad actual, en nuestro país. Kurapel nos propone un texto audaz...

Full description

Bibliographic Details
Main Author: Kurapel, Alberto 1946-
Format: Libro
Language:English
Published: Santiago, Chile Cuarto Propio 2010
Edition:1a. ed.
Subjects:
Online Access:

MARC

LEADER 00000cam a2200000 a 4500
001 020160
003 UAHC_CL
005 20170803121840.0
008 110304b xx j 000 1 eng
020 |a 9789562605267 
040 |a UAHC_CL  |c UAHC_CL  |d UAHC_CL 
100 1 |a Kurapel, Alberto  |d 1946- 
245 1 3 |a El actor performer /  |c Alberto Kurapel. 
250 |a 1a. ed. 
260 |b Cuarto Propio  |a Santiago, Chile  |c 2010 
300 |a 255 p. 
520 |a El Actor Performer promueve una tarea fundamental : la recuperación material de un teatro chileno de exilio. Este texto incorpora rotundamente a nuestra memoria histórica, parte de una creación casi desconocida, olvidada en nuestra sociedad actual, en nuestro país. Kurapel nos propone un texto audaz, lúcido que devela el nacimiento y el devenir de los fundamentos teóricos de una trayectoria teatral y de obras que nacieron lejos del suelo natal, que conmovieron al mundo, gracias a las interpretaciones magistrales de su creador, instalando en la escena teatral internacional, los dramáticos sucesos acaecidos en nuestro país, durante los años de dictadura militar, revelando al mismo tiempo el profundo compromiso con la libertad y la justicia en el arte y en la vida de su autor. Este libro nos parece el rescate imprescindible de un patrimonio inmaterial, que nos pertenece como nación y que nos atañe desde nuestras diversas sensibilidades y quehaceres, alzando el vuelo desde la Memoria individual, desde los silencios censurados, desde los intersticios, las omisiones y negaciones de la historia contemporánea, para insertarse en nuestra Memoria colectiva. 
650 4 |a ACTUACION TEATRAL 
650 4 |a Filosofía del teatro 
653 |a ACTUACION TEATRAL 
900 |a 792.01 KUR 
942 |c BK 
952 |0 0  |1 0  |4 0  |6 792_010000000000000_KUR  |7 0  |8 General  |9 40459  |a BS  |b BS  |c General  |d 2017-08-03  |l 6  |m 6  |o 792.01 KUR  |p 1381535  |r 2025-11-26 00:00:00  |s 2023-10-31  |t 1  |w 2017-08-03  |y BK 
952 |0 0  |1 0  |4 0  |6 792_010000000000000_KUR  |7 0  |8 General  |9 40460  |a BS  |b BS  |c General  |d 2017-08-03  |l 2  |m 2  |o 792.01 KUR  |p 1430458  |r 2025-11-26 00:00:00  |s 2021-11-08  |t 2  |w 2017-08-03  |y BK 
999 |c 20160  |d 20160